000 00237nam a2200097Ia 4500
001 653873
005 20250826154506.0
008 250824s9999 xx 000 0 und d
245 0 _aTROYA MASALI
_cAZRA ERHAT
260 _bGÜNIŞIĞI YAYINLARI
999 _c653873
_d653873